000 00822nam a2200241Ia 4500
003 OSt
005 20220926015003.0
006 a|||||r|||| 00| 0
007 ta
008 220923b |||||||| |||| 00| 0 eng d
037 _cGeneral Book
040 _aRTL
_cRTL
_beng
041 _2eng
_aeng
082 _aX9(Y):89P.73.N6, K9
100 _aFuchs Victor R Ed.
_9253316
245 0 _aProduction and productivity in the service industries
260 _aNew York
_bNational Bureau of Economic Research USA
_c1969
300 _aix, 395p.
_ccm.
490 _aNational Bureau of Economic Research Conference on research in income and wealth studies in income and wealth 34
650 _aService Industry
942 _hX9(Y):89P.73.N6, K9
_cGB
_2CC
999 _c630301
_d630301